Política Antártica de Chile

Gardado en:
Detalles Bibliográficos
Main Authors: Orrego Vicuña, Francisco (autor), Armanet Armanet, Pilar (Author)
Outros autores: Infante Caffi, María Teresa (autora)
Formato: Libro
Idioma:Lingua castelá
Publicado: Santiago Instituto de Estudios Internacionales 1984
Subjects:
Tags: Engadir etiqueta
Sen Etiquetas, Sexa o primeiro en etiquetar este rexistro!

MARC

LEADER 00000nam a2200000 a 4500
001 UCW8732
003 CL-VaPUC
008 881026e19840000CL |||||||||||||||||spa|d
082 0 4 |a 983.648  |b ORR  |2 21 
100 |a Orrego Vicuña, Francisco  |e autor  |9 452093 
700 |a Infante Caffi, María Teresa  |e autora  |9 452098 
700 0 |a Armanet Armanet, Pilar  |e author  |9 313967 
245 1 0 |a Política Antártica de Chile 
300 |a 307 p 
942 |c BK 
945 |d 19881026 00:00:00 
260 |a Santiago  |b Instituto de Estudios Internacionales  |c 1984 
650 0 |a Regiones Antárticas   |9 259954 
650 0 |a Política económica   |9 255029 
650 0 |a Recursos naturales  |9 255232 
583 |a last modification  |c 19881026 00:00:00  |k Rodrigo Vera 
999 |c 221016  |d 221014 
952 |0 0  |1 0  |4 0  |6 983_648000000000000_ORR_1984  |7 0  |8 A  |9 213907  |a BIBHIS  |b BIBHIS  |d 2019-11-15  |i 2822695  |o 983.648 ORR 1984  |p 2822695  |r 2025-01-20  |w 2019-11-15  |y BK  |k HIS 
952 |0 0  |1 0  |4 0  |6 983_648000000000000_ORR_1984  |7 0  |8 P  |9 213908  |a BIBDER  |b BIBDER  |d 2019-11-15  |i 2508613  |o 983.648 ORR 1984  |p 2508613  |r 2023-01-25  |w 2019-11-15  |y BK  |k DER 
952 |0 0  |1 0  |4 0  |6 983_648000000000000_ORR_1984  |7 0  |8 P  |9 213909  |a BIBDER  |b BIBDER  |d 2019-11-15  |i 2508621  |o 983.648 ORR 1984  |p 2508621  |r 2023-01-25  |w 2019-11-15  |y BK  |k DER